Responses to human trafficking in Bangladesh, India, Nepal and Sri Lanka

Бібліографічні деталі
Формат: Книга
Мова:English
Classic Catalogue: View this record in Classic Catalogue
LEADER 00358nam a22001337a 4500
001 45163
003 BD-DhAAL
005 20260128170143.0
008 260128t2011 ii a|||| |||| 00| 0 eng d
040 |a BD-DhAAL  |c BD-DhAAL 
245 |a Responses to human trafficking in Bangladesh, India, Nepal and Sri Lanka 
300 |a 74 pages :  |c 30 cm 
942 |2 ddc  |c BK 
999 |c 47716  |d 47716